[Event "Titled Tuesday intern op 16th Jan Late"]
[Site "Chess.com INT"]
[Date "2024.01.16"]
[Round "2"]
[White "Ibarra Jerez, Jose Carlos"]
[Black "Chocenka, Dmitrijus"]
[Result "1-0"]
[WhiteElo "2559"]
[BlackElo "2316"]
[PlyCount "35"]
[EventDate "2024.01.16"]
[EventType "swiss (blitz)"]
[EventRounds "11"]
[EventCountry "USA"]
[SourceTitle "CB04_2024"]
[SourceDate "2023.10.16"]
[SourceVersion "1"]
[SourceVersionDate "2023.10.16"]
[SourceQuality "1"]

1. e4 c5 2. Nf3 e6 3. d4 cxd4 4. Nxd4 Bc5 5. Be3 Qb6 6. Na3 a6 7. Nc4 Qc7 8. e5 b5 9. Qg4 g6 10. Nd6+ Bxd6 11. exd6 Qxd6 12. 0-0-0 Qc7 13. Qh4 e5 14. Bxb5 Ne7 15. Qf6 Rf8 16. Bg5 Ng8 17. Qg7 f6 18. Ne6 1-0

[Event "Riga Tech op-A"]
[Site "Riga"]
[Date "2023.08.11"]
[Round "7"]
[White "Chocenka, Dmitrijus"]
[Black "Juknis, Paulius"]
[Result "0-1"]
[WhiteElo "2351"]
[BlackElo "2156"]
[PlyCount "146"]
[EventDate "2023.08.07"]
[EventType "swiss"]
[EventRounds "9"]
[EventCountry "LAT"]
[SourceTitle "CBM 215 Extra"]
[Source "ChessBase"]
[SourceDate "2023.09.30"]
[SourceVersion "1"]
[SourceVersionDate "2023.09.30"]
[SourceQuality "1"]

1. e4 c5 2. Nf3 Nc6 3. d4 cxd4 4. Nxd4 e5 5. Nb5 d6 6. N1c3 a6 7. Na3 Be7 8. Nc4 b5 9. Ne3 Nf6 10. Bd3 0-0 11. 0-0 Nb4 12. Be2 Be6 13. a3 Nc6 14. Ned5 Nd4 15. Bd3 Rb8 16. Bd2 Nxd5 17. Nxd5 Bg5 18. f4 exf4 19. Nxf4 Bf6 20. Nxe6 Nxe6 21. c3 Be5 22. Qg4 Qc8 23. Qh4 Qd8 24. Qh3 Qc8 25. Be2 Nc5 26. Bg4 Qc7 27. Rae1 a5 28. Kh1 Na4 29. Bc1 b4 30. axb4 axb4 31. cxb4 Rxb4 32. Be6 Nc5 33. Bd5 Qd7 34. Qa3 Ra4 35. Qf3 Rb4 36. b3 Ne6 37. Bd2 Rbb8 38. b4 Nd4 39. Qd3 Qb5 40. Qh3 Nc2 41. Rd1 Qe2 42. Qb3 Qh5 43. h3 Nd4 44. Qd3 Qe2 45. Qa3 Kh8 46. Qa2 f5 47. Rfe1 Qf2 48. exf5 Ne2 49. Rxe2 Qxe2 50. Bf3 Qf2 51. Qd5 Qg3 52. Kg1 Rxf5 53. Be1 Qf4 54. Qd3 Rbf8 55. Kf1 Qh2 56. Bf2 Bg3 57. Rd2 Bxf2 58. Rxf2 Re5 59. Be4 Rxf2+ 60. Kxf2 Qf4+ 61. Bf3 Qxb4 62. Kg3 g6 63. Qa6 Kg7 64. Qa7+ Kh6 65. h4 g5 66. hxg5+ Rxg5+ 67. Kh2 Qh4+ 68. Kg1 Qe1+ 69. Kh2 Qe5+ 70. Kh1 Rf5 71. Qf2 Rh5+ 72. Bxh5 Qxh5+ 73. Kg1 Qc5 0-1

[Event "Riga Tech op-A"]
[Site "Riga"]
[Date "2023.08.09"]
[Round "4"]
[White "Sivuk, Vitaly"]
[Black "Chocenka, Dmitrijus"]
[Result "1-0"]
[WhiteElo "2459"]
[BlackElo "2351"]
[PlyCount "69"]
[EventDate "2023.08.07"]
[EventType "swiss"]
[EventRounds "9"]
[EventCountry "LAT"]
[SourceTitle "CBM 215 Extra"]
[Source "ChessBase"]
[SourceDate "2023.09.30"]
[SourceVersion "1"]
[SourceVersionDate "2023.09.30"]
[SourceQuality "1"]

1. d4 Nf6 2. c4 g6 3. Nc3 Bg7 4. e4 d6 5. Nf3 0-0 6. Be3 Nbd7 7. Nd2 e5 8. d5 c5 9. Be2 Ne8 10. g4 f5 11. gxf5 gxf5 12. exf5 Ndf6 13. Qc2 Bd7 14. Rg1 Qc8 15. Bd3 Kh8 16. 0-0-0 a6 17. Rg5 b5 18. Rdg1 b4 19. Nce4 Nxe4 20. Nxe4 Bh6 21. R5g2 Bxe3+ 22. fxe3 Bxf5 23. Ng5 Ng7 24. Nxh7 Bxh7 25. Rxg7 Bxd3 26. Qxd3 Qh3 27. R7g3 Qh6 28. Rg6 Qh7 29. Qc2 Ra7 30. Rxd6 Qh3 31. Qe4 Rg7 32. Rd1 Qxh2 33. Rg6 Rf2 34. d6 Rd7 35. Qa8+ 1-0

[Event "Riga Tech Rapid op"]
[Site "Riga"]
[Date "2023.08.06"]
[Round "9"]
[White "Chocenka, Dmitrijus"]
[Black "Posaskov, Nikita"]
[Result "1-0"]
[WhiteElo "2351"]
[BlackElo "2055"]
[PlyCount "75"]
[EventDate "2023.08.06"]
[EventType "swiss (rapid)"]
[EventRounds "9"]
[EventCountry "LAT"]
[SourceTitle "CBM 215 Extra"]
[Source "ChessBase"]
[SourceDate "2023.09.30"]
[SourceVersion "1"]
[SourceVersionDate "2023.09.30"]
[SourceQuality "1"]

1. e4 c6 2. d4 d5 3. Nc3 dxe4 4. Nxe4 Nf6 5. Nxf6+ exf6 6. c3 Bd6 7. Bd3 Na6 8. Ne2 Nc7 9. 0-0 Nd5 10. a3 0-0 11. c4 Ne7 12. Qc2 g6 13. Rd1 Bc7 14. Ng3 Re8 15. Be3 Kg7 16. b4 Qd6 17. Rac1 h5 18. d5 h4 19. Bc5 Qf4 20. d6 hxg3 21. fxg3 Qe5 22. Re1 Bxd6 23. Rxe5 Bxe5 24. Qf2 Bf5 25. Bxf5 Nxf5 26. g4 Nd6 27. Qf3 Ne4 28. Be3 Rad8 29. h4 Rd3 30. Bh6+ Kxh6 31. Qxd3 Bg3 32. Qd7 Re5 33. Qxf7 Bf2+ 34. Kh2 Bxh4 35. g3 Nxg3 36. Kg2 Ne2 37. Rh1 Kg5 38. Rxh4 1-0

[Event "LTU-chT"]
[Site "Lithuania"]
[Date "2023.04.22"]
[Round "6.1"]
[White "Chocenka, Dmitrijus"]
[Black "Pultinevicius, Paulius"]
[Result "0-1"]
[WhiteElo "2345"]
[BlackElo "2546"]
[PlyCount "78"]
[EventDate "2023.03.04"]
[EventType "team"]
[EventRounds "7"]
[EventCountry "LTU"]
[SourceTitle "EXT 2024"]
[Source "ChessBase"]
[SourceDate "2023.10.10"]
[SourceVersion "1"]
[SourceVersionDate "2023.10.10"]
[SourceQuality "1"]
[WhiteTeam "Vilnius Chess United"]
[BlackTeam "Vilnius MRU"]
[WhiteTeamCountry "LTU"]
[BlackTeamCountry "LTU"]

1. d4 d5 2. Nf3 Nf6 3. c4 e6 4. e3 Bd6 5. Nc3 b6 6. cxd5 exd5 7. Bd3 0-0 8. h3 Bb7 9. 0-0 Re8 10. b3 Nbd7 11. Bb2 a6 12. Rc1 Qe7 13. Nd2 c5 14. Nf3 Ne4 15. Bb1 Nef6 16. Re1 Rac8 17. Nh4 g6 18. Nf3 Qf8 19. Na4 c4 20. bxc4 dxc4 21. d5 b5 22. Nb6 Nxb6 23. Bxf6 Nxd5 24. Ba1 Bc5 25. Ne5 Rcd8 26. Qg4 Re6 27. Bf5 Red6 28. Qg3 Nf6 29. Bc2 Qe7 30. Qg5 Re6 31. Red1 Re8 32. Ng4 Nxg4 33. Qxg4 h5 34. Qf4 Kh7 35. g4 Rxe3 36. gxh5 Rxh3 37. hxg6+ fxg6 38. Bxg6+ Kxg6 39. Qg4+ Qg5 0-1

[Event "LTU-chT"]
[Site "Lithuania"]
[Date "2022.03.19"]
[Round "6.1"]
[White "Chocenka, Dmitrijus"]
[Black "Laurusas, Tomas"]
[Result "0-1"]
[WhiteElo "2339"]
[BlackElo "2557"]
[PlyCount "66"]
[EventDate "2022.03.11"]
[EventType "team-swiss"]
[EventRounds "7"]
[EventCountry "LTU"]
[SourceTitle "CBM 207 Extra"]
[Source "ChessBase"]
[SourceDate "2022.05.31"]
[SourceVersion "1"]
[SourceVersionDate "2022.05.31"]
[SourceQuality "1"]
[WhiteTeam "Vilnius LKSF"]
[BlackTeam "Vilnius MRU"]
[WhiteTeamCountry "LTU"]
[BlackTeamCountry "LTU"]

1. e4 c5 2. Nf3 e6 3. d4 cxd4 4. Nxd4 a6 5. Bd3 Nf6 6. 0-0 Qc7 7. c4 Nc6 8. Nxc6 dxc6 9. f4 Bc5+ 10. Kh1 e5 11. f5 h5 12. Nc3 Ng4 13. Qe2 Qd8 14. Rf3 Qd4 15. Bg5 Nf2+ 16. Rxf2 Qxf2 17. Rf1 Qxe2 18. Nxe2 f6 19. Bd2 Kf7 20. b4 Rd8 21. Rf3 Bxf5 22. bxc5 Bg4 23. Rg3 Bxe2 24. Bxe2 h4 25. Rb3 Rxd2 26. Rxb7+ Kg6 27. Bg4 h3 28. gxh3 Rad8 29. a4 R8d4 30. Bf5+ Kh6 31. Rb1 Rd1+ 32. Rxd1 Rxd1+ 33. Kg2 Ra1 0-1

[Event "LTU-chT"]
[Site "Lithuania"]
[Date "2022.03.13"]
[Round "4.4"]
[White "Chocenka, Dmitrijus"]
[Black "Juknis, Paulius"]
[Result "1/2-1/2"]
[WhiteElo "2339"]
[BlackElo "2152"]
[PlyCount "137"]
[EventDate "2022.03.11"]
[EventType "team-swiss"]
[EventRounds "7"]
[EventCountry "LTU"]
[SourceTitle "CBM 207 Extra"]
[Source "ChessBase"]
[SourceDate "2022.05.31"]
[SourceVersion "1"]
[SourceVersionDate "2022.05.31"]
[SourceQuality "1"]
[WhiteTeam "Vilnius LKSF"]
[BlackTeam "Kaunas Gambiteriai"]
[WhiteTeamCountry "LTU"]
[BlackTeamCountry "LTU"]

1. d4 Nf6 2. Nf3 e6 3. g3 b5 4. Bg2 Bb7 5. 0-0 c5 6. c3 d5 7. dxc5 Bxc5 8. Nd4 a6 9. a4 bxa4 10. Qxa4+ Nbd7 11. Nc6 Qc7 12. Na5 0-0 13. b4 Be7 14. Nd2 Rfc8 15. Bb2 Nb6 16. Qa2 Bc6 17. Nxc6 Qxc6 18. e3 Ne4 19. Nxe4 dxe4 20. Rfd1 Nc4 21. Rd4 f5 22. Bf1 Nxb2 23. Qxb2 Qxc3 24. Qa2 Qc6 25. Bxa6 Bf6 26. Rc4 Qxc4 27. Bxc4 Rxa2 28. Bxe6+ Kf8 29. Rxa2 Rc1+ 30. Kg2 g6 31. Ra7 Be7 32. b5 Rb1 33. Bc4 Rb4 34. Bf1 Kf7 35. Rc7 Kf6 36. Rc6+ Ke5 37. Bc4 Bd6 38. h4 h6 39. f4+ exf3+ 40. Kxf3 Rb2 41. g4 fxg4+ 42. Kxg4 Rg2+ 43. Kf3 Rh2 44. Rc8 Be7 45. Kg3 Rb2 46. Re8 Kd6 47. Rg8 Kc5 48. Bf1 Rb3 49. Rxg6 Rxe3+ 50. Kf2 Re4 51. Rc6+ Kd4 52. h5 Rf4+ 53. Kg2 Rf6 54. Rc4+ Kd5 55. Rc2 Bc5 56. Bc4+ Ke5 57. Bd3 Bb6 58. Bg6 Kf4 59. Rc4+ Kg5 60. Kg3 Bf2+ 61. Kh3 Rf3+ 62. Kg2 Rf6 63. Re4 Bb6 64. Kg3 Bc7+ 65. Kh3 Rf3+ 66. Kg2 Rf6 67. Re7 Bb6 68. Rg7 Kh4 69. Rf7 1/2-1/2

[Event "LTU-chT"]
[Site "Lithuania"]
[Date "2021.05.15"]
[Round "6.3"]
[White "Kazakouski, Valery"]
[Black "Chocenka, Dmitrijus"]
[Result "1-0"]
[WhiteElo "2495"]
[BlackElo "2327"]
[PlyCount "87"]
[EventDate "2021.05.07"]
[EventType "team-swiss"]
[EventRounds "7"]
[EventCountry "LTU"]
[SourceTitle "CBM 202 Extra"]
[Source "ChessBase"]
[SourceDate "2021.07.31"]
[SourceVersion "1"]
[SourceVersionDate "2021.07.31"]
[SourceQuality "1"]
[WhiteTeam "Panevezio Gigant"]
[BlackTeam "Vilnius Chess United"]
[WhiteTeamCountry "LTU"]
[BlackTeamCountry "LTU"]

1. d4 Nf6 2. Nf3 g6 3. c4 Bg7 4. g3 0-0 5. Bg2 d6 6. 0-0 Nc6 7. Nc3 Bf5 8. d5 Na5 9. Nh4 Bd7 10. b3 c6 11. Bb2 cxd5 12. Nxd5 Nxd5 13. Bxg7 Kxg7 14. cxd5 b5 15. Qd4+ f6 16. Rfc1 Qb6 17. Nf3 Qxd4 18. Nxd4 Rfc8 19. Nc6 Bxc6 20. dxc6 Rc7 21. b4 Nc4 22. a4 Nb6 23. axb5 e6 24. Rd1 Rd8 25. e4 Kf7 26. f4 Ke7 27. Kf2 Rb8 28. h4 Rg8 29. Bf3 h6 30. Ra2 Rg7 31. Rad2 Nc8 32. Be2 Rg8 33. g4 Rf8 34. f5 gxf5 35. gxf5 e5 36. Bc4 a6 37. bxa6 Rxc6 38. Be2 Rb6 39. b5 Na7 40. Rg1 Nxb5 41. Rg7+ Rf7 42. Rxf7+ Kxf7 43. Rb2 Rxa6 44. Bxb5 1-0

[Event "LTU-ch Rapid op"]
[Site "Panevezys"]
[Date "2020.07.05"]
[Round "8.2"]
[White "Chocenka, Dmitrijus"]
[Black "Pultinevicius, Paulius"]
[Result "1/2-1/2"]
[WhiteElo "2309"]
[BlackElo "2526"]
[PlyCount "56"]
[EventDate "2020.07.04"]
[EventType "swiss (rapid)"]
[EventRounds "11"]
[EventCountry "LTU"]
[SourceTitle "EXT 2023"]
[Source "ChessBase"]
[SourceDate "2022.10.05"]
[SourceVersion "1"]
[SourceVersionDate "2022.10.05"]
[SourceQuality "1"]

1. e4 c6 2. d4 d5 3. exd5 cxd5 4. c4 Nf6 5. Nc3 e6 6. Nf3 Bb4 7. cxd5 Nxd5 8. Qc2 Nc6 9. Bd3 Ba5 10. a3 Nxc3 11. bxc3 Nxd4 12. Nxd4 Qxd4 13. 0-0 Qe5 14. Bb2 Bd7 15. Be4 Bc7 16. g3 Bc6 17. Bxc6+ bxc6 18. c4 Qg5 19. Qe4 0-0 20. Qxc6 Rac8 21. Qe4 Bb6 22. a4 h5 23. a5 Bxa5 24. h4 Qc5 25. Bd4 Qc7 26. Be5 Qc5 27. Bd4 Qc7 28. Be5 Qc5 1/2-1/2